Sports Quiz

Random Sports Quiz

Top Prem Goal Scorers 2011/12 Quiz Stats

Quiz not verified by Sporcle

Challenge
Share
Tweet
Embed
Score 0/18 Timer 10:00
0 Plays Today
% Correct
Wayne Rooney
94.5%
Sergio Aguero
82.2%
Luis Suarez
76.7%
Demba Ba
72.2%
Robin Van Persie
69.8%
Frank Lampard
67.8%
Edin Dzeko
59.9%
Papiss Cisse
58.4%
Jermain Defoe
53.7%
% Correct
Emmanuel Adebayor
49.6%
Mario Balotelli
45.6%
Daniel Sturridge
40.3%
Grant Holt
35.2%
Clint Dempsey
34.1%
Steven Fletcher
29.7%
Aiyegbeni Yakubu
29.1%
Daniel Graham
20.7%
Rafael Van Der Vaart
14.5%

You're not logged in!

Compare scores with friends on all Sporcle quizzes.
Join for Free
OR
Log In

You Might Also Like...

Show Comments

Extras

Created Jun 6, 2012ReportNominate

Top Quizzes Today


Score Distribution

Your Account Isn't Verified!

In order to create a playlist on Sporcle, you need to verify the email address you used during registration. Go to your Sporcle Settings to finish the process.

Report this User

Report this user for behavior that violates our Community Guidelines.

Details: